000 00608nam a2200205 a 4500
001 86583
003 BD-RjUL
005 20260624140908.0
008 260624r19701950enk||||| |||| 00| 0 eng d
035 _a(BD-RjUL)86583
040 _aBD-RjUL
_beng
_cBD-RjUL
041 _aeng
082 _223
_a891.442
_bTAT 1970
100 _aTagore, Rabindranath
_918698
245 _aThree Plays :
_bMukta-dhara, Natir Puja, Chandalika /
_cRabindranath Tagore.
260 _aLondon :
_bOxford University Press,
_c1950, [impression 1970]
300 _a169 p.;
_c18 cm.
650 _aBengali drama
_918184
942 _2ddc
_cBK
999 _c86583
_d86583